Proceedings of the international school of physics on nuclear structure and heavy-Ion dynamics / (Record no. 160140)

MARC details
000 -LEADER
fixed length control field 01057cam a2200277Ia 4500
008 - FIXED-LENGTH DATA ELEMENTS--GENERAL INFORMATION
fixed length control field
020 ## - INTERNATIONAL STANDARD BOOK NUMBER
International Standard Book Number 0444868267 (hbk.)
049 ## - LOCAL HOLDINGS (OCLC)
Holding library MAIN
090 ## - LOCALLY ASSIGNED LC-TYPE CALL NUMBER (OCLC); LOCAL CALL NUMBER (RLIN)
Classification number (OCLC) (R) ; Classification number, CALL (RLIN) (NR) QC793.3.S8
Local cutter number (OCLC) ; Book number/undivided call number, CALL (RLIN) INT
003 - CONTROL NUMBER IDENTIFIER
control field
005 - DATE AND TIME OF LATEST TRANSACTION
control field 20230123134114.0
040 ## - CATALOGING SOURCE
Transcribing agency NUST
111 ## - MAIN ENTRY--MEETING NAME
Meeting name or jurisdiction name as entry element Nuclear structure and heavy-ion dynamics (:
Date of meeting or treaty signing July 27-August 6 1982 :
Location of meeting Amsterdam, Netherlands)
245 10 - TITLE STATEMENT
Title Proceedings of the international school of physics on nuclear structure and heavy-Ion dynamics /
Statement of responsibility, etc. edited by R. Giaconni and R. Ruffini.
260 ## - PUBLICATION, DISTRIBUTION, ETC.
Place of publication, distribution, etc. Amsterdam :
Name of publisher, distributor, etc. North-Holland Pub. Co.,
Date of publication, distribution, etc. c1984.
300 ## - PHYSICAL DESCRIPTION
Extent xxv, 871 p. :
Other physical details ill. ;
Dimensions 25 cm.
440 ## - SERIES STATEMENT/ADDED ENTRY--TITLE
Title Proceedings of the International School of Physics "Enrico Fermi" ; course 65
500 ## - GENERAL NOTE
General note Includes index.
504 ## - BIBLIOGRAPHY, ETC. NOTE
Bibliography, etc. note Includes bibliographical references.
650 #0 - SUBJECT ADDED ENTRY--TOPICAL TERM
Topical term or geographic name entry element Neutron stars
Form subdivision Congresses.
650 #0 - SUBJECT ADDED ENTRY--TOPICAL TERM
Topical term or geographic name entry element Black holes (Astronomy)
Form subdivision Congresses.
700 1# - ADDED ENTRY--PERSONAL NAME
Personal name Giaconni, R.
700 1# - ADDED ENTRY--PERSONAL NAME
Personal name Ruffini, Remo.
907 ## - LOCAL DATA ELEMENT G, LDG (RLIN)
a .b10047992
b 21-03-13
c 17-04-03
942 ## - ADDED ENTRY ELEMENTS (KOHA)
Koha item type Ordinary Loan Books
Call number prefix QC793.3.S8
Call number suffix INT
Holdings
Date last seen Total Checkouts Full call number Barcode Cost, replacement price Price effective from Koha item type Lost status Source of classification or shelving scheme Damaged status Not for loan Collection Withdrawn status Home library Current library Shelving location Date acquired Cost, normal purchase price
01/23/2023   QC793.3.S8 PRO 92003008229 80.00 01/23/2023 BOOKS   LCC     NFIC   MAIN MAIN GEN 01/23/2023 80.00